000
00244nam a2200097Ia 4500
001
773673
005
20250826165756.0
008
250824s9999 xx 000 0 und d
245
0
_a
KUMRAL ADA MAVİ TUNA
_c
BUKET UZUNER
260
_b
EVEREST YAYINLARI
999
_c
773673
_d
773673